000 00414 a2200169 4500
001 72795
020 _a8532250734
040 _cAnchieta - Colégio São Paulo
100 _aCarvalho, Natália Azevedo de
240 1 0 _aKelly Martoer e o mistério do rei
_lpor
245 1 0 _aKelly Martoer e o mistério do rei
300 _a71
362 0 _a2006
440 1 _aFTD
650 4 _aLiteratura juvenil
942 _cBK
999 _c72795
_d72795